| 000 | 01864nam a2200457Ii 4500 | ||
|---|---|---|---|
| 001 | DIGRAMA0387 | ||
| 003 | NyNyDIG | ||
| 007 | cr ||||||||||| | ||
| 008 | 230815s2023 sp a ob 000 0 spa d | ||
| 006 | m o d | ||
| 035 | _a(OCoLC)1395572066 | ||
| 040 |
_aDGITA _beng _erda _epn _cDGITA |
||
| 020 |
_a9788419444417 _qeBook |
||
| 020 |
_z9788419444400 _qimpreso |
||
| 050 | 1 | 4 | _aQA76.6 ebook |
| 100 | 1 |
_aLópez Querol, Jorge, _eauthor. |
|
| 245 | 1 | 0 |
_aAlgoritmia y bases de datos : _btemario oficial de informática. _nvolumen II [temas del 21 al 38] / _cJorge López Querol, Eva María Campos Monge, Maribel Campos Monge. |
| 264 | 1 |
_aParacuellos de Jarama, Madrid : _bRa-Ma, _c[2023] |
|
| 300 |
_a1 online resource : _billustrations. |
||
| 336 |
_atext _btxt _2rdacontent |
||
| 337 |
_acomputer _bc _2rdamedia |
||
| 338 |
_aonline resource _bcr _2rdacarrier |
||
| 347 |
_atext file _2rdaft |
||
| 347 | _bEPUB | ||
| 500 | _a"Cuerpo de profesores de enseñanza secundaria - informática"--Cover. | ||
| 500 | _a"Contenidos actualizados 2023"--Cover. | ||
| 504 | _aIncludes bibliographical references. | ||
| 588 | 0 | _aOnline resource; title from ePub title page (Digitalia, viewed August 15, 2023) | |
| 650 | 0 | _aComputer algorithms. | |
| 650 | 0 | _aDatabases. | |
| 650 | 0 | _aData structures (Computer science) | |
| 650 | 0 | _aStructured programming. | |
| 700 | 1 |
_aCampos Monge, Eva María, _eauthor. |
|
| 700 | 1 |
_aCampos Monge, Maribel, _eauthor. |
|
| 791 | 2 |
_aDigitalia (Firm), _edistributor. |
|
| 793 | 0 |
_gDigitalia eBook Collection: _aRa-Ma Editorial |
|
| 776 | 0 | 8 |
_iPrint version: _aLópez Querol, Jorge. _tAlgoritmia y bases de datos. _dParacuellos de Jarama, Madrid : Ra-Ma, [2023] _z9788419444400 |
| 856 | 4 | 0 |
_3Digitalia Hispánica _uhttps://www.digitaliapublishing.com/a/127648/ |
| 910 | _aPremium collection: 2023 | ||
| 942 | _cRAA | ||
| 999 |
_c278804 _d278804 |
||